| 000 | 00735nam a2200265Ia 4500 | ||
|---|---|---|---|
| 008 | 160216s9999 xx 000 0 und d | ||
| 020 | _a0-13-013993-9 | ||
| 050 | _aMAIN LB 3013 | ||
| 050 | _b.D37 2004 | ||
| 100 | _aDarch, Craig B. | ||
| 245 | _aInstructional classroom management : | ||
| 245 | _ba proactive approach to behavior management / | ||
| 245 | _cCraig B. Darch, Edward J. Kame'enui. | ||
| 250 | _a2nd Edition | ||
| 260 | _aNew Jersey : | ||
| 260 | _bPearson Education, Inc. | ||
| 260 | _c2004 | ||
| 300 | _a257 pages : | ||
| 300 | _bill. ; | ||
| 300 | _c24 cm. | ||
| 500 | _aIncludes index. | ||
| 650 | _aBehavior modification. | ||
| 650 | _aClassroom management. | ||
| 650 | _aSchool discipline. | ||
| 999 |
_c290860 _d290860 |
||